The case of the class clown. #12 / by James ... Read More
Available copies
- 1 of 1 copy available at LARL/NWRL Consortium.
Current holds
0 current holds with 1 total copy.
Show Only Available Copies
| Location | Call Number / Copy Notes | Barcode | Shelving Location | Status | Due Date |
|---|---|---|---|---|---|
| Red Lake Falls Public Library | j pb (Text) | 35500004333025 | Main | Available | - |
Record details
- ISBN: 0439184746 (pbk.) :
- Physical Description: 73 p. : ill. ; 20 cm.
- Publisher: New York : Scholastic, c2000.
Content descriptions
| General Note: | "A Little Apple paperback." |
Search for related items by subject
| Subject: | Detective and mystery stories > Juvenile fiction. |
Search for related items by series
| LDR | 00940cam a2200265Ia 4500 | ||
|---|---|---|---|
| 001 | 33390 | ||
| 003 | LARL_NWRL_CONSORTIUM | ||
| 005 | 20010329182202.0 | ||
| 008 | 010301s2000 nyua j 000 1 eng d | ||
| 020 | . | ‡a0439184746 (pbk.) : ‡c$3.99 | |
| 035 | . | ‡a(OCoLC)46347349 ‡z(OCoLC)46351186 | |
| 092 | . | ‡aJ FICTION | |
| 099 | . | ‡aPre | |
| 100 | 1 | . | ‡aPreller, James. ‡0(LARL_NWRL_CONSORTIUM)109946 |
| 245 | 1 | 4. | ‡aThe case of the class clown. ‡n#12 / ‡cby James Preller ; illustrated by Jamie Smith ; cover illustration by R.W. Alley. |
| 260 | . | ‡aNew York : ‡bScholastic, ‡cc2000. | |
| 300 | . | ‡a73 p. : ‡bill. ; ‡c20 cm. | |
| 490 | 0 | . | ‡aJigsaw Jones mystery ; ‡v12 |
| 500 | . | ‡a"A Little Apple paperback." | |
| 650 | 0. | ‡aDetective and mystery stories ‡vJuvenile fiction. ‡0(LARL_NWRL_CONSORTIUM)172023 | |
| 700 | 1 | . | ‡aSmith, Jamie. ‡0(LARL_NWRL_CONSORTIUM)134828 |
| 901 | . | ‡a33390 ‡bOCLC ‡c33390 ‡tbiblio | |

Add to basket
Permalink
Disable Highlighting